Todos los comienzos / (Registro nro. 128369)

Detalles MARC
000 -LEADER
campo de control de longitud fija 00546nam a2200193 i 4500
001 - NÚMERO DE CONTROL
campo de control 128369
003 - IDENTIFICADOR DE NÚMERO DE CONTROL
campo de control ES-MaACL
007 - CAMPO FIJO DE DESCRIPCIÓN FÍSICA--INFORMACIÓN GENERAL
campo de control de longitud fija t|
008 - DATOS DE LONGITUD FIJA--INFORMACIÓN GENERAL
campo de control de longitud fija 070509s1983 sp ||||1| spa d
100 1# - ENTRADA PRINCIPAL--NOMBRE DE PERSONA
Nombre de persona Taibo, Paco Ignacio.
9 (RLIN) 109076
245 10 - MENCIÓN DEL TÍTULO
Título Todos los comienzos /
Mención de responsabilidad, etc. Paco Ignacio Taibo.
250 ## - MENCION DE EDICION
Mención de edición 1ª ed.
260 ## - PUBLICACIÓN, DISTRIBUCIÓN, ETC.
Lugar de publicación, distribución, etc. [Barcelona] :
Nombre del editor, distribuidor, etc. Argos Vergara,
Fecha de publicación, distribución, etc. [1983]
300 ## - DESCRIPCIÓN FÍSICA
Extensión 360 p. ;
Dimensiones 22 cm.
490 1# - MENCIÓN DE SERIE
Mención de serie Biblioteca personal ;
Designación de volumen o secuencia 2
830 0# - PUNTO DE ACCESO ADICIONAL DE SERIE-TÍTULO UNIFORME
Título uniforme Biblioteca personal ;
Designación de volumen o secuencia 2
9 (RLIN) 186679
852 ## - LOCALIZACIÓN
Ubicación ES-MaACL
Número de control de estantería L-4818
Sublocalización o colección R.105575
Existencias
Estatus retirado Estado de pérdida Estado de daño No para préstamo Biblioteca de origen Biblioteca actual Ubicación en estantería Fecha de adquisición Fuente de adquisición Total de préstamos Signatura topográfica completa Código de barras Visto por última vez Precio de reemplazo Tipo de ítem Koha
        Biblioteca del Ateneo de Madrid Biblioteca del Ateneo de Madrid Depósito 2 17/01/2008     L-4818 1133697 23/02/2023 23/02/2023 Libro impreso